<?xml version="1.0" encoding="UTF-8"?>
<record
    xmlns:xsi="http://www.w3.org/2001/XMLSchema-instance"
    xsi:schemaLocation="http://www.loc.gov/MARC21/slim http://www.loc.gov/standards/marcxml/schema/MARC21slim.xsd"
    xmlns="http://www.loc.gov/MARC21/slim">

  <leader>00842na  a2200277   4500</leader>
  <datafield tag="952" ind1=" " ind2=" ">
    <subfield code="a">0002</subfield>
    <subfield code="b">0002</subfield>
    <subfield code="d">2019-03-13</subfield>
    <subfield code="l">0</subfield>
    <subfield code="o">956.535 U48b 2010</subfield>
    <subfield code="p">P00409</subfield>
    <subfield code="r">2019-03-13 00:00:00</subfield>
    <subfield code="w">2019-03-13</subfield>
    <subfield code="y">BKS</subfield>
  </datafield>
  <datafield tag="999" ind1=" " ind2=" ">
    <subfield code="c">12940</subfield>
    <subfield code="d">12940</subfield>
  </datafield>
  <controlfield tag="001">13222</controlfield>
  <controlfield tag="003">MIRAKIL</controlfield>
  <controlfield tag="005">20190313162159.0</controlfield>
  <controlfield tag="008">161014b        tu            000 0      </controlfield>
  <datafield tag="020" ind1=" " ind2=" ">
    <subfield code="a">9786058829909</subfield>
  </datafield>
  <datafield tag="035" ind1=" " ind2=" ">
    <subfield code="a">13222</subfield>
  </datafield>
  <datafield tag="040" ind1=" " ind2=" ">
    <subfield code="a">Milas</subfield>
    <subfield code="b">tur</subfield>
    <subfield code="c">TR-AnCHP</subfield>
  </datafield>
  <datafield tag="041" ind1=" " ind2=" ">
    <subfield code="a">tur</subfield>
  </datafield>
  <datafield tag="082" ind1=" " ind2=" ">
    <subfield code="a">956.535</subfield>
    <subfield code="b">U48b 2010</subfield>
  </datafield>
  <datafield tag="090" ind1=" " ind2=" ">
    <subfield code="a">956.535 U48b 2010</subfield>
  </datafield>
  <datafield tag="111" ind1=" " ind2=" ">
    <subfield code="a">Ulusal Sivas Sempozyumu</subfield>
    <subfield code="c">&#x130;stanbul</subfield>
    <subfield code="d">2007</subfield>
    <subfield code="n">1.</subfield>
  </datafield>
  <datafield tag="245" ind1=" " ind2=" ">
    <subfield code="a">1. Ulusal Sivas Sempozyumu</subfield>
    <subfield code="b">Sivas'&#x131;n d&#xFC;n&#xFC; bug&#xFC;n&#xFC; ve gelece&#x11F;i,[22 Nisan 2007], tebli&#x11F;ler kitab&#x131;</subfield>
    <subfield code="c">edit&#xF6;r &#x130;brahim Suba&#x15F;&#x131;</subfield>
  </datafield>
  <datafield tag="260" ind1=" " ind2=" ">
    <subfield code="a">&#x130;stanbul</subfield>
    <subfield code="b">Sivas Platformu</subfield>
    <subfield code="c">2010</subfield>
  </datafield>
  <datafield tag="300" ind1=" " ind2=" ">
    <subfield code="a">384 s.</subfield>
    <subfield code="b">fot&#x11F;. ; tbl.</subfield>
    <subfield code="c">21 sm.</subfield>
  </datafield>
  <datafield tag="490" ind1=" " ind2=" ">
    <subfield code="a">Sivas platformu yay&#x131;nlar&#x131;</subfield>
    <subfield code="v">5</subfield>
  </datafield>
  <datafield tag="650" ind1=" " ind2=" ">
    <subfield code="a">Sivas</subfield>
    <subfield code="y">Toplant&#x131;lar </subfield>
  </datafield>
  <datafield tag="700" ind1=" " ind2=" ">
    <subfield code="a">Suba&#x15F;&#x131;, &#x130;brahim</subfield>
  </datafield>
  <datafield tag="942" ind1=" " ind2=" ">
    <subfield code="c">BKS</subfield>
    <subfield code="2">ddc</subfield>
  </datafield>
  <datafield tag="999" ind1=" " ind2=" ">
    <subfield code="d">12940</subfield>
  </datafield>
  <datafield tag="999" ind1=" " ind2=" ">
    <subfield code="d">1035</subfield>
  </datafield>
</record>
